00891nam a2200205 a 4500008004100000020001800041050001600059100002700075245013500102260004800237300001300285490003800298650001900336650002900355650002900384700002200413995010100435999001700536952013200553200720s2018 ||||||||||||||||| || u a9781108727693 aHD 58.7 Hof aJennings, P. Devereaux10aRe-engaging with sustainability in the Anthropocene era : an institutional approachcBy Andre J. Hoffman and P. Devereaux Jennings aCambridgebCambridge University Pressc2018 a93 pages aElements in organizational theory 0aSUSTAINABILITY aORGANISATIONAL SOCIOLOGY aORGANISATIONAL BEHAVIOUR aHoffman, Andrew J D29.34FCBU-MAIN LIBRARY (Kitwe)M1UAVAILABLEWJul 27, 2020ZMain Library Open Access Collection c55613d55613 00102lcc4070a001b001cMain Library Open Access Collectiond2022-11-30l0oHD 58.7 Hofp750305r2022-11-30w2022-11-30y002